| 000 | 01706cam a2200253 a 4500 | ||
|---|---|---|---|
| 001 | 000005916 | ||
| 005 | 20200929151835.0 | ||
| 008 | 020610s2002 mx a b 001 0 spa | ||
| 020 | _a9681210468 | ||
| 040 |
_aDO-SdBNP _cDLC |
||
| 082 |
_a972.017 _bV433r |
||
| 100 | 1 |
_aVelasco Ortíz, M. Laura. _916690 |
|
| 245 | 1 | 3 |
_aEl regreso de la comunidad : _bmigración indígena y agentes étnicos, los mixtecos en la frontera México-Estados Unidos / _cM. Laura Velasco Ortíz. |
| 260 |
_aMéxico : _bEl Colegio de México. Centro de Estudios Sociológicos ;, _c2002. |
||
| 300 |
_a283 p. : _bil. p. ; _c21 cm. |
||
| 490 | 1 | _aCentro de Estudios Sociológicos | |
| 500 | _aLos nuevos agentes étnicos en la frontera México-Estados Unidos - 1. Las Organizaciones de Migrantes: Etnicas entre las Fronteras Nacionales y las Fronteres - 2. Migracion Mixteca y Fronteras Nacionales: Mercados de trabajo y políticas estatales de control migratorio - 3. Migracion Mixteca y Fronteras Nacionales: de las asociaciones pro pueblos a las Organizaciones y pan Etnicas transnacionales - 4. Redes y Organizaciones de Migrantes: la rearticulacion de la experiencia comunitaria - 5. Los Intelectuales Indígenas y la construccion de la ética politica comunidad transnacional - 6. PUBLICAS Voces, silencios privados: Por las fronteras del genero y la etnicidad - 7. El regreso de la comunidad etnica. | ||
| 504 | _aIncluye referencias bibliográficas: (p. 263-283). | ||
| 650 | 4 |
_aMixtecas _xMigraciòn _916691 |
|
| 650 | 4 |
_aMixtecas _xCondiciones sociales _916692 |
|
| 651 | 4 |
_aEstados Unidos _xEmigraciòn E Inmigraciòn _9291 |
|
| 830 | 0 |
_aCentro de Estudios Sociológicos. _916693 |
|
| 910 | _aCatalogación por copia / LC | ||
| 999 |
_c5712 _d5712 |
||